000 00248nam a2200085Ia 4500
245 0 _aDrawing and painting people : a fresh approach
100 _a BALL, Emily Ramsbury, 2009
_980974
942 _cBK
008 210817s9999 xx 000 0 und d
999 _c286363
_d286363